| 000 | 00790nam a2200217 a 4500 | ||
|---|---|---|---|
| 005 | 20210223130608.0 | ||
| 008 | 080821s1982 mx r 000 0 spa d | ||
| 035 | _aUPN01000159391 | ||
| 049 | _aUNE | ||
| 080 | _a376.5 (100) =20 ROS No.118. | ||
| 100 | 1 | _aRossie, Jean Pierre | |
| 245 | 1 | 0 |
_aChildren in exceptional situations : _bthe role of anthropological research in designing programmes of special education / _cby Jean Pierre Rossie. |
| 260 |
_aParís : _bUNESCO ; _aNew York : _bUNICEF, _c1982. |
||
| 300 | _a10 p. | ||
| 440 | 0 |
_aNotes, comments... ; _v118 |
|
| 690 | _aEducacion especial - Niños minusvalidos | ||
| 690 | _aNiños socialmente desfavorecidos - Educacion especial | ||
| 710 | 2 |
_aUNICEF _924085 |
|
| 710 | 2 | _aPrograma de Alimentación Mundial | |
| 905 | _aUNESCO | ||
| 999 |
_c131505 _d131505 |
||